[Event "WchT Seniors 65"]
[Site "Radebeul"]
[Date "2016.07.04"]
[Round "9.1"]
[White "Balashov, Yuri S"]
[Black "Scovitin, Albert"]
[Result "1-0"]
[WhiteElo "2408"]
[BlackElo "2209"]
[PlyCount "71"]
[EventDate "2016.06.26"]
[EventType "team-swiss"]
[EventRounds "9"]
[EventCountry "GER"]
[SourceTitle "CBM 173 Extra"]
[Source "ChessBase"]
[SourceDate "2016.08.29"]
[SourceVersion "1"]
[SourceVersionDate "2016.08.29"]
[SourceQuality "1"]
[WhiteTeam "Russia 65+"]
[BlackTeam "Moldova"]
[WhiteTeamCountry "RUS"]
[BlackTeamCountry "MDA"]

1. e4 e6 2. d4 d5 3. e5 c5 4. c3 Nc6 5. Be3 cxd4 6. cxd4 Qb6 7. Qd2 Nge7 8. Bd3 Nb4 9. Be2 Nf5 10. Nf3 Bd7 11. Nc3 Be7 12. 0-0 Rc8 13. a3 Na6 14. Bd3 Nh4 15. Nxh4 Bxh4 16. b4 Be7 17. b5 Nb8 18. Na4 Qd8 19. Nc5 b6 20. Nxd7 Nxd7 21. f4 g6 22. Rfc1 0-0 23. Rxc8 Qxc8 24. Rc1 Qb7 25. Qc3 Rb8 26. g4 f5 27. Be2 Nf8 28. a4 Qd7 29. Qc6 Rb7 30. Qc8 Bd8 31. Rc6 Kf7 32. gxf5 gxf5 33. Bh5+ Ng6 34. Qa8 Ke8 35. Rd6 Qe7 36. Rxd8+ 1-0

[Event "EU-chT Seniors"]
[Site "Vienna"]
[Date "2015.07.20"]
[Round "9.3"]
[White "Pruefer, Friedbert"]
[Black "Scovitin, Albert"]
[Result "1/2-1/2"]
[WhiteElo "2224"]
[BlackElo "2103"]
[PlyCount "53"]
[EventDate "2015.07.12"]
[EventType "team-swiss"]
[EventRounds "9"]
[EventCountry "AUT"]
[SourceTitle "CBM 167 Extra"]
[Source "ChessBase"]
[SourceDate "2015.09.14"]
[SourceVersion "1"]
[SourceVersionDate "2015.09.14"]
[SourceQuality "1"]
[WhiteTeam "Leipzig Schachfreunde"]
[BlackTeam "Moldova"]
[WhiteTeamCountry "GER"]
[BlackTeamCountry "MDA"]

1. d4 d5 2. c4 e6 3. Nc3 Nf6 4. cxd5 exd5 5. Bg5 Be7 6. e3 0-0 7. Qc2 c6 8. Bd3 Nbd7 9. Nge2 Re8 10. 0-0 Nf8 11. f3 h6 12. Bh4 c5 13. Kh1 cxd4 14. Nxd4 Be6 15. Rad1 N6d7 16. Bxe7 Qxe7 17. Rfe1 Rac8 18. Qf2 Nf6 19. Bc2 a6 20. Bb3 N8d7 21. Nxe6 fxe6 22. e4 dxe4 23. Nxe4 Nxe4 24. Rxe4 Nc5 25. Re3 Nxb3 26. Rxb3 Rc7 27. Qd4 1/2-1/2

[Event "EU-chT Seniors"]
[Site "Vienna"]
[Date "2015.07.17"]
[Round "6.7"]
[White "Scovitin, Albert"]
[Black "Villing, Dieter"]
[Result "1/2-1/2"]
[WhiteElo "2103"]
[BlackElo "2039"]
[PlyCount "80"]
[EventDate "2015.07.12"]
[EventType "team-swiss"]
[EventRounds "9"]
[EventCountry "AUT"]
[SourceTitle "EXT 2018"]
[Source "ChessBase"]
[SourceDate "2017.10.13"]
[SourceVersion "1"]
[SourceVersionDate "2017.10.13"]
[SourceQuality "1"]
[WhiteTeam "Moldova"]
[BlackTeam "DSW DBAG"]
[WhiteTeamCountry "MDA"]
[BlackTeamCountry "GER"]

1. c4 e5 2. Nc3 d6 3. e4 Nc6 4. g3 g6 5. Bg2 Bg7 6. d3 Nf6 7. Nge2 0-0 8. 0-0 Nh5 9. h3 f5 10. exf5 gxf5 11. Nd5 Be6 12. f4 Qd7 13. Kh2 Rae8 14. Rb1 Kh8 15. b3 Nd8 16. Ng1 Bf7 17. Bf3 Nf6 18. Nxf6 Bxf6 19. Bb2 Bg6 20. Re1 Qg7 21. Ne2 exf4 22. Bxf6 fxg3+ 23. Nxg3 Qxf6 24. Qd2 Nc6 25. Bxc6 bxc6 26. Qf4 c5 27. Rbd1 Re5 28. Rf1 Rfe8 29. d4 cxd4 30. Rxd4 Qg7 31. Rd2 Re1 32. Rxe1 Rxe1 33. Qf2 Qe5 34. Rd5 Qe3 35. Qxe3 Rxe3 36. Nxf5 Re2+ 37. Kg3 Rxa2 38. Rb5 Bxf5 39. Rxf5 Kg7 40. Rg5+ Kf6 1/2-1/2

[Event "EU-chT Seniors"]
[Site "Vienna"]
[Date "2015.07.16"]
[Round "5.3"]
[White "Martorelli, Antonio"]
[Black "Scovitin, Albert"]
[Result "0-1"]
[WhiteElo "2271"]
[BlackElo "2103"]
[PlyCount "64"]
[EventDate "2015.07.12"]
[EventType "team-swiss"]
[EventRounds "9"]
[EventCountry "AUT"]
[SourceTitle "CBM 167 Extra"]
[Source "ChessBase"]
[SourceDate "2015.09.14"]
[SourceVersion "1"]
[SourceVersionDate "2015.09.14"]
[SourceQuality "1"]
[WhiteTeam "Italy"]
[BlackTeam "Moldova"]
[WhiteTeamCountry "ITA"]
[BlackTeamCountry "MDA"]

1. e4 e6 2. d4 d5 3. Nc3 Nf6 4. Bg5 Be7 5. e5 Nfd7 6. Bf4 c5 7. Qg4 Kf8 8. dxc5 Nxc5 9. 0-0-0 Nc6 10. h4 h6 11. Nf3 Qa5 12. Rh3 h5 13. Qg3 Na4 14. Nxa4 Qxa4 15. a3 Bd7 16. Bd3 Rc8 17. Bg5 Qg4 18. Qh2 Nd4 19. Nxd4 Qxd4 20. Bxe7+ Kxe7 21. Rf3 f6 22. Rg3 Qf4+ 23. Kb1 fxe5 24. Rxg7+ Kd6 25. g3 Qf3 26. Re1 Rcf8 27. Rg5 e4 28. Be2 Qxf2 29. Qxf2 Rxf2 30. Bxh5 Rf5 31. Bf7 Rxf7 32. h5 Rf5 0-1

[Event "EU-chT Seniors"]
[Site "Vienna"]
[Date "2015.07.13"]
[Round "2.3"]
[White "Pushkov, Nikolai"]
[Black "Scovitin, Albert"]
[Result "1/2-1/2"]
[WhiteElo "2301"]
[BlackElo "2103"]
[PlyCount "119"]
[EventDate "2015.07.12"]
[EventType "team-swiss"]
[EventRounds "9"]
[EventCountry "AUT"]
[SourceTitle "CBM 167 Extra"]
[Source "ChessBase"]
[SourceDate "2015.09.14"]
[SourceVersion "1"]
[SourceVersionDate "2015.09.14"]
[SourceQuality "1"]
[WhiteTeam "Russia"]
[BlackTeam "Moldova"]
[WhiteTeamCountry "RUS"]
[BlackTeamCountry "MDA"]

1. Nf3 d5 2. d4 Nf6 3. c4 e6 4. Nc3 Be7 5. Bf4 0-0 6. e3 c6 7. h3 Nbd7 8. Qc2 Re8 9. Bd3 Nf8 10. 0-0 Ng6 11. Bg3 Bd6 12. Bxd6 Qxd6 13. c5 Qc7 14. Bxg6 hxg6 15. Ne5 Bd7 16. Rfc1 Rec8 17. b4 Be8 18. a4 Nd7 19. f4 Nf8 20. Qf2 f6 21. Nf3 Nd7 22. a5 Nb8 23. Rcb1 Bd7 24. Qc2 Be8 25. b5 cxb5 26. Nxb5 Bxb5 27. Rxb5 Qf7 28. Rab1 Rc7 29. R1b2 Nc6 30. Qb1 Rac8 31. Rxb7 Nxa5 32. Rxc7 Qxc7 33. Rb5 Nc4 34. Rb7 Qc6 35. Rxa7 Ra8 36. Rxa8+ Qxa8 37. Qxg6 Nxe3 38. Qd3 Qa1+ 39. Kf2 Nd1+ 40. Kg3 Nc3 41. Qc2 Ne4+ 42. Kh2 Qa5 43. Qb2 Qc7 44. g3 Qc6 45. Nd2 Qa4 46. Kg2 Qd1 47. Nf3 Qd3 48. h4 Qc4 49. Ne1 Kh7 50. Qc2 Qxd4 51. c6 Qe3 52. Nf3 Kh6 53. c7 Nd6 54. Ng5 Kh5 55. Nxe6 g6 56. Qd1+ Kh6 57. Qxd5 Ne4 58. Qa2 Qxg3+ 59. Kf1 Qd3+ 60. Kg2 1/2-1/2